[Event "India rating op"]
[Site "India"]
[Date "2019.02.03"]
[Round "8"]
[White "Patil, Pratik"]
[Black "Pednekar, Ayush"]
[Result "1-0"]
[WhiteElo "2259"]
[BlackElo "1510"]
[PlyCount "40"]
[EventDate "2019.02.03"]
[EventType "swiss"]
[EventRounds "11"]
[EventCountry "IND"]
[SourceTitle "EXT 2021"]
[Source "ChessBase"]
[SourceDate "2020.10.23"]
[SourceVersion "1"]
[SourceVersionDate "2020.10.23"]
[SourceQuality "1"]

1. e4 e6 2. d4 d5 3. Nd2 Nc6 4. c3 e5 5. Ngf3 exd4 6. exd5 dxc3 7. dxc6 cxd2+ 8. Bxd2 bxc6 9. Bc4 Bd6 10. 0-0 Ne7 11. Ng5 Nd5 12. Re1+ Be7 13. Qh5 g6 14. Qh6 Be6 15. Nxe6 fxe6 16. Rxe6 Qd7 17. Bxd5 Qxd5 18. Rae1 0-0-0 19. Bc3 Bd6 20. Qh3 Kb8 1-0

[Event "Kalyan op 2nd"]
[Site "Kalyan"]
[Date "2019.02.03"]
[Round "10"]
[White "Pethe, Varad"]
[Black "Pednekar, Ayush"]
[Result "1/2-1/2"]
[WhiteElo "1359"]
[BlackElo "1500"]
[PlyCount "62"]
[EventDate "2019.01.29"]
[EventType "swiss"]
[EventRounds "10"]
[EventCountry "IND"]
[SourceTitle "CBM 188 Extra"]
[Source "ChessBase"]
[SourceDate "2019.02.26"]
[SourceVersion "1"]
[SourceVersionDate "2019.02.26"]
[SourceQuality "1"]

1. d4 f5 2. c4 Nf6 3. Nc3 g6 4. Bg5 Bg7 5. e3 b6 6. Nf3 Bb7 7. Bd3 e6 8. e4 h6 9. Bxf6 Bxf6 10. exf5 exf5 11. Qe2+ Kf7 12. 0-0 Re8 13. Qd1 Bxf3 14. Qxf3 Nc6 15. Ne2 Kg7 16. Rad1 Kh7 17. a3 Rf8 18. Bc2 Qe7 19. Ba4 Rae8 20. Nc3 Nxd4 21. Qf4 Be5 22. Qe3 f4 23. Qe4 c5 24. f3 Rf5 25. Kh1 Rb8 26. Ne2 Qe6 27. Rfe1 Qd6 28. Nxd4 cxd4 29. Qd5 Qxd5 30. cxd5 d6 31. Rc1 Rf7 1/2-1/2

[Event "Kalyan op 2nd"]
[Site "Kalyan"]
[Date "2019.01.30"]
[Round "3"]
[White "Pednekar, Ayush"]
[Black "Kathmale, Sameer"]
[Result "0-1"]
[WhiteElo "1500"]
[BlackElo "2312"]
[PlyCount "58"]
[EventDate "2019.01.29"]
[EventType "swiss"]
[EventRounds "10"]
[EventCountry "IND"]
[SourceTitle "CBM 188 Extra"]
[Source "ChessBase"]
[SourceDate "2019.02.26"]
[SourceVersion "1"]
[SourceVersionDate "2019.02.26"]
[SourceQuality "1"]

1. Nf3 Nf6 2. e3 d5 3. b3 Bf5 4. Bb2 h6 5. Be2 e6 6. c4 c6 7. d3 Nbd7 8. Nc3 Be7 9. Rc1 0-0 10. 0-0 Bh7 11. Re1 e5 12. cxd5 cxd5 13. d4 e4 14. Ne5 Bf5 15. Bf1 a6 16. Ne2 Bd6 17. Qd2 Re8 18. Nxd7 Bxh2+ 19. Kh1 Ng4 20. g3 Qxd7 21. Nc3 Qd6 22. Bh3 Bxg3 23. fxg3 Qxg3 24. Bxg4 Bxg4 25. Rf1 Bf3+ 26. Rxf3 exf3 27. Rc2 Re6 28. Nxd5 Qh4+ 29. Qh2 Qe4 0-1

[Event "Mumbai Wealth rating op 4th"]
[Site "Mumbai"]
[Date "2019.01.01"]
[Round "3"]
[White "Pednekar, Ayush"]
[Black "Joglekar, Abhijit"]
[Result "0-1"]
[WhiteElo "1501"]
[BlackElo "1692"]
[PlyCount "134"]
[EventDate "2018.12.30"]
[EventType "swiss"]
[EventRounds "9"]
[EventCountry "IND"]
[SourceTitle "CBM 188 Extra"]
[Source "ChessBase"]
[SourceDate "2019.02.26"]
[SourceVersion "1"]
[SourceVersionDate "2019.02.26"]
[SourceQuality "1"]

1. d4 Nf6 2. Bg5 h6 3. Bxf6 exf6 4. c4 d5 5. e3 c6 6. Nc3 dxc4 7. Bxc4 Bd6 8. Nge2 0-0 9. Qc2 f5 10. g3 Qf6 11. Bd3 Be6 12. Nf4 Bxf4 13. gxf4 Nd7 14. Na4 Rfe8 15. h4 Bd5 16. Rh3 Be4 17. Bxe4 Rxe4 18. Nc3 Ree8 19. 0-0-0 Nb6 20. Rg1 Kh7 21. Kb1 Nd5 22. Nxd5 cxd5 23. Qc7 Re7 24. Qc5 Qe6 25. Rhg3 g6 26. h5 b6 27. hxg6+ fxg6 28. Qc2 Rc8 29. Qd3 Rg7 30. a3 Rc6 31. Rd1 Qc8 32. Rgg1 Rgc7 33. Rdf1 Rc4 34. Rh1 b5 35. Qb3 Qd7 36. Re1 a5 37. Rd1 a4 38. Qd3 b4 39. axb4 Qb5 40. Qa3 Rxb4 41. Rd2 Rb7 42. Ka1 Kg7 43. Rc1 Qb6 44. Rc8 Rb8 45. Rdc2 Rxc8 46. Rxc8 h5 47. Qc3 Rb3 48. Qc5 Qxc5 49. Rxc5 Rd3 50. Rc1 Rd2 51. Rf1 Kh6 52. Kb1 h4 53. Ka2 Kh5 54. Ka3 h3 55. Rh1 Kh4 56. Rh2 Rc2 57. Ka2 Rc1 58. Ka3 Rg1 59. Kxa4 Rg2 60. Rh1 h2 61. b4 Kh3 62. b5 Rg1 63. Rxh2+ Kxh2 64. Kb4 Rc1 65. b6 Kg2 66. b7 Kxf2 67. Kb3 Rb1+ 0-1